000 00496nam a22001937a 4500
003 MPLRDC
005 20220104191410.0
008 210129b ||||| |||| 00| 0 eng d
020 _a978-986-6302-37-4
082 _a494.35 FDT
100 _a方大同
245 _a30岁前要知道的职场成功学
_c
250 _a初版
260 _a台湾
_b水星文化事业出版社
_c2011
300 _b
490 _a阳光人生: 19
650 _a职场成功法
942 _cBK
_o494.35 FDT
999 _c64231
_d64221